[Event "VI Floripa Open 2020"]
[Site "Florianopolis"]
[Date "2020.01.20"]
[Round "1.151"]
[White "Nobre, Jose Adalberto Barbo"]
[Black "Purim, Kaiane"]
[Result "1-0"]
[WhiteElo "1632"]
[BlackElo "1181"]
[Annotator "NA"]
[PlyCount "93"]
[EventDate "2020.01.20"]
[EventType "swiss"]
[EventRounds "10"]
[EventCountry "BRA"]
[SourceTitle "playchess.com"]
[Source "ChessBase"]
[SourceQuality "1"]
[TimeControl "5400+30"]

1. e4 c5 2. Nc3 g6 3. f4 Bg7 4. Nf3 e6 5. Bc4 Ne7 6. O-O Nbc6 7. d3 b6 8. e5 O-O 9. Ne4 Nf5 10. c3 f6 11. exf6 d5 12. fxg7 Kxg7 13. Bb5 Bb7 14. Neg5 Qd7 15. Ne5 Qe8 16. Re1 Rc8 17. Nxc6 Rf6 18. Nxa7 Qe7 19. Nxc8 Bxc8 20. Qe2 h6 21. Nf3 Qd6 22. Bd2 d4 23. Qe5 Qe7 24. g4 Nd6 25. g5 Nxb5 26. gxf6+ Qxf6 27. Qb8 Qd8 28. Qxb6 Qxb6 29. c4 Nd6 30. b3 Qc6 31. Ne5 Qc7 32. Kf2 Nf7 33. Nxf7 Kxf7 34. Re5 Qe7 35. Kg3 Qd6 36. Rae1 Qc6 37. Bc1 Bb7 38. R1e4 Bc8 39. Ba3 Qa6 40. Rxc5 Bb7 41. Rc7+ Kf6 42. Be7+ Kf7 43. Bd6+ Ke8 44. Rxe6+ Kd8 45. Rxg6 Bc6 46. Rxc6 Qxc6 47. Be7+ 1-0

[Event "VI Floripa Open 2020"]
[Site "Florianopolis"]
[Date "2020.01.20"]
[Round "1.152"]
[White "Amorin, Gabriel Ferrante"]
[Black "Tasoko, Toshinobu"]
[Result "0-1"]
[WhiteElo "1180"]
[BlackElo "1630"]
[Annotator "NA"]
[PlyCount "58"]
[EventDate "2020.01.20"]
[EventType "swiss"]
[EventRounds "10"]
[EventCountry "BRA"]
[SourceTitle "playchess.com"]
[Source "ChessBase"]
[SourceQuality "1"]
[TimeControl "5400+30"]

1. e4 e5 2. Nf3 d6 3. d4 f5 4. Nc3 fxe4 5. Nxe4 exd4 6. Nxd4 Nf6 7. Bg5 Be7 8. Nxf6+ Bxf6 9. Be3 O-O 10. Qd2 Nc6 11. O-O-O Bd7 12. Bc4+ Kh8 13. Kb1 a5 14. Rhg1 Ne7 15. g4 d5 16. Bd3 c5 17. Nf5 g6 18. Nxe7 Qxe7 19. g5 Bg7 20. Rge1 Qd6 21. f3 d4 22. Bg1 b5 23. Bf1 Bc6 24. Bg2 Bxf3 25. Bxf3 Rxf3 26. Qg2 Raf8 27. Re8 Qf4 28. Rde1 Qf7 29. R8e7 Qxe7 0-1

[Event "VI Floripa Open 2020"]
[Site "Florianopolis"]
[Date "2020.01.20"]
[Round "1.153"]
[White "Dummer, Micael Schwenske"]
[Black "Feller, Isadora Cristina Vic"]
[Result "0-1"]
[WhiteElo "1629"]
[BlackElo "1177"]
[Annotator "NA"]
[PlyCount "78"]
[EventDate "2020.01.20"]
[EventType "swiss"]
[EventRounds "10"]
[EventCountry "BRA"]
[SourceTitle "playchess.com"]
[Source "ChessBase"]
[SourceQuality "1"]
[TimeControl "5400+30"]

1. e4 e5 2. f4 Nc6 3. Nf3 d6 4. Bc4 Be7 5. O-O Nf6 6. d3 Bg4 7. c3 O-O 8. h3 Bxf3 9. Qxf3 Qd7 10. Be3 Rad8 11. Nd2 d5 12. Bb5 exf4 13. Bxf4 Bc5+ 14. d4 Nxd4 15. cxd4 Bxd4+ 16. Be3 Bxe3+ 17. Qxe3 Qxb5 18. Qg5 Qxb2 19. Rab1 Qd4+ 20. Kh1 dxe4 21. Nb3 Qd6 22. Nc5 h6 23. Qc1 Qe5 24. Rxb7 a5 25. Qa3 Rd5 26. Na4 Rd3 27. Qc1 Rd4 28. Nb2 Rb4 29. Nc4 Qc5 30. Rxb4 axb4 31. Qc2 Rd8 32. Qc1 Qg5 33. Rd1 Rxd1+ 34. Qxd1 Qd5 35. Qc2 Qd3 36. Qc1 Qc3 37. Qf1 Nh5 38. Qd1 Qxc4 39. Qxh5 e3 0-1

[Event "VI Floripa Open 2020"]
[Site "Florianopolis"]
[Date "2020.01.20"]
[Round "1.154"]
[White "Almeida, Bianca Martins"]
[Black "Teramoto, Anderson"]
[Result "1/2-1/2"]
[WhiteElo "1175"]
[BlackElo "1624"]
[Annotator "NA"]
[PlyCount "129"]
[EventDate "2020.01.20"]
[EventType "swiss"]
[EventRounds "10"]
[EventCountry "BRA"]
[SourceTitle "playchess.com"]
[Source "ChessBase"]
[SourceQuality "1"]
[TimeControl "5400+30"]

1. e4 g6 2. Nf3 Bg7 3. d4 d6 4. Bd2 Nf6 5. Nc3 O-O 6. d5 c6 7. Be3 Qa5 8. Qd2 Ng4 9. Bg5 Bh6 10. Be3 Nxe3 11. fxe3 Qb6 12. Nd1 Nd7 13. Bd3 Nf6 14. h3 cxd5 15. e5 dxe5 16. Nxe5 d4 17. Nc4 Qe6 18. Kf2 Nd5 19. Qe2 dxe3+ 20. Ndxe3 Nxe3 21. Nxe3 Qf6+ 22. Qf3 Bxe3+ 23. Kxe3 Qxb2 24. h4 h5 25. Rhf1 Qe5+ 26. Kd2 Qa5+ 27. c3 Qb6 28. Rab1 Qc6 29. Be4 Qd6+ 30. Kc2 Bg4 31. Qf4 Qxf4 32. Rxf4 Rab8 33. Rxb7 Rxb7 34. Bxb7 Bf5+ 35. Be4 Be6 36. a3 Rc8 37. Bd3 Rc7 38. Be2 Kg7 39. c4 Bf5+ 40. Kc3 Kf6 41. Bd3 Ke5 42. g3 e6 43. Bxf5 exf5 44. Kb4 f6 45. c5 Kd5 46. Rc4 Kc6 47. Rd4 a5+ 48. Kc4 Re7 49. Rd6+ Kc7 50. Rxf6 Re3 51. Rxg6 Rxa3 52. Kb5 Rb3+ 53. Kxa5 Rb1 54. Rb6 Rg1 55. Rb3 Kc6 56. Kb4 Rf1 57. Rc3 f4 58. gxf4 Rxf4+ 59. Rc4 Rf5 60. Kc3 Rxc5 61. Kd4 Rxc4+ 62. Kxc4 Kd6 63. Kd4 Ke6 64. Ke4 Kf6 65. Kf4 1/2-1/2

[Event "VI Floripa Open 2020"]
[Site "Florianopolis"]
[Date "2020.01.20"]
[Round "1.155"]
[White "Bocca, Edson Ricardo"]
[Black "Rahn, Marlon Cristiano"]
[Result "1-0"]
[WhiteElo "1620"]
[BlackElo "1174"]
[Annotator "NA"]
[PlyCount "61"]
[EventDate "2020.01.20"]
[EventType "swiss"]
[EventRounds "10"]
[EventCountry "BRA"]
[SourceTitle "playchess.com"]
[Source "ChessBase"]
[SourceQuality "1"]
[TimeControl "5400+30"]

1. e4 c5 2. Nf3 Nc6 3. Bc4 e6 4. O-O d6 5. Re1 Nf6 6. Nc3 Be7 7. d3 a6 8. a4 O-O 9. Bg5 Nb4 10. Ne2 d5 11. exd5 exd5 12. Bb3 Bg4 13. Ne5 h6 14. Bd2 Bd6 15. Nxg4 Nxg4 16. Ng3 Nf6 17. Bxb4 cxb4 18. Qf3 Qa5 19. Nf5 Qc7 20. Nxh6+ gxh6 21. Qxf6 Bxh2+ 22. Kh1 Bf4 23. g3 Bg5 24. Qf5 d4 25. Re4 Rae8 26. Rae1 Rxe4 27. Rxe4 Qc6 28. Kh2 Bc1 29. Rg4+ Kh8 30. Bd5 Qxc2 31. Be4 1-0

[Event "VI Floripa Open 2020"]
[Site "Florianopolis"]
[Date "2020.01.20"]
[Round "1.156"]
[White "Thurow, Jennifer"]
[Black "Neitzel, Jonatan"]
[Result "0-1"]
[WhiteElo "1164"]
[BlackElo "1619"]
[Annotator "NA"]
[PlyCount "76"]
[EventDate "2020.01.20"]
[EventType "swiss"]
[EventRounds "10"]
[EventCountry "BRA"]
[SourceTitle "playchess.com"]
[Source "ChessBase"]
[SourceQuality "1"]
[TimeControl "5400+30"]

1. c4 c5 2. g3 Nc6 3. Bg2 g6 4. e3 Bg7 5. Ne2 Nf6 6. Nbc3 O-O 7. O-O d6 8. d3 a6 9. a4 Qc7 10. b3 Rb8 11. Bb2 e6 12. f4 b6 13. Rb1 Bb7 14. Re1 Nb4 15. e4 Ng4 16. Qd2 f5 17. Bh3 Nf6 18. Nc1 Nc6 19. Ba1 Nd4 20. Rf1 fxe4 21. dxe4 Nxe4 22. Nxe4 Bxe4 23. Nd3 Rbe8 24. Bg4 Qb7 25. Qd1 Nf5 26. Qe2 Nd4 27. Qd1 Bf5 28. Rf2 Qe4 29. Bxf5 exf5 30. Rf1 Ne2+ 31. Kf2 Nc3 32. Qe1 Bd4+ 33. Qe3 Bxe3+ 34. Ke1 Bxf4+ 35. Kf2 Be3+ 36. Ke1 Bd4+ 37. Kd2 Qe2+ 38. Kc1 Be3# 0-1

[Event "VI Floripa Open 2020"]
[Site "Florianopolis"]
[Date "2020.01.20"]
[Round "1.157"]
[White "Caldas, Raphael C B R Leitao"]
[Black "Moreira, Carolina Ziemer Vila"]
[Result "0-1"]
[WhiteElo "1612"]
[BlackElo "1152"]
[Annotator "NA"]
[PlyCount "92"]
[EventDate "2020.01.20"]
[EventType "swiss"]
[EventRounds "10"]
[EventCountry "BRA"]
[SourceTitle "playchess.com"]
[Source "ChessBase"]
[SourceQuality "1"]
[TimeControl "5400+30"]

1. e4 c5 2. Nf3 a6 3. c3 g6 4. d4 cxd4 5. cxd4 d5 6. e5 Bg4 7. Be3 Bg7 8. Be2 e6 9. a4 Ne7 10. h3 Bxf3 11. Bxf3 Nbc6 12. g4 O-O 13. Nc3 Qb6 14. Ra3 f6 15. exf6 Bxf6 16. Ne2 Bg7 17. Bg2 Rae8 18. h4 Bf6 19. h5 g5 20. h6 Na5 21. Qc1 Nb3 22. Rxb3 Qxb3 23. Bxg5 Qxa4 24. Bxf6 Rxf6 25. g5 Rff8 26. Bh3 Nf5 27. g6 Nxd4 28. Qc7 Qb4+ 29. Kf1 Qe7 30. gxh7+ Kxh7 31. Qxe7+ Rxe7 32. Nxd4 e5 33. Ne2 Ref7 34. Rh2 Rf6 35. Bg4 Rb6 36. Ng3 Rxb2 37. Nf5 a5 38. Ne7 a4 39. Bf5+ Rxf5 40. Nxf5 a3 41. Rg2 a2 42. Rg7+ Kh8 43. Nd6 a1=Q+ 44. Kg2 Rxf2+ 45. Kxf2 Qb2+ 46. Kg3 Qa3+ 0-1

[Event "VI Floripa Open 2020"]
[Site "Florianopolis"]
[Date "2020.01.20"]
[Round "1.158"]
[White "De Carvalho, Amauri"]
[Black "Do Amaral e Silva, Larissa Blue"]
[Result "0-1"]
[WhiteElo "1144"]
[BlackElo "1610"]
[Annotator "NA"]
[PlyCount "62"]
[EventDate "2020.01.20"]
[EventType "swiss"]
[EventRounds "10"]
[EventCountry "BRA"]
[SourceTitle "playchess.com"]
[Source "ChessBase"]
[SourceQuality "1"]
[TimeControl "5400+30"]

1. d4 d5 2. Bf4 Nf6 3. e3 e6 4. Be2 Bb4+ 5. c3 Bd6 6. Bg3 O-O 7. Nf3 Ne4 8. Bxd6 Qxd6 9. Nbd2 f6 10. Nxe4 dxe4 11. Nd2 f5 12. Nc4 Qe7 13. f4 Nd7 14. O-O a6 15. a4 c5 16. Qc2 b6 17. Rfd1 cxd4 18. cxd4 Bb7 19. Qb1 Rf6 20. b4 Rh6 21. g3 g5 22. Rf1 Bd5 23. b5 a5 24. Qb2 Kh8 25. Qa3 Qg7 26. Rf2 Rg8 27. Raf1 gxf4 28. Rxf4 Rxh2 29. g4 Qh6 30. Qd6 Rh1+ 31. Kf2 Qh4+ 0-1

[Event "VI Floripa Open 2020"]
[Site "Florianopolis"]
[Date "2020.01.20"]
[Round "1.159"]
[White "Colaco, Willian Wagner Soare"]
[Black "Kim, Andre"]
[Result "1-0"]
[WhiteElo "1606"]
[BlackElo "1121"]
[Annotator "NA"]
[PlyCount "33"]
[EventDate "2020.01.20"]
[EventType "swiss"]
[EventRounds "10"]
[EventCountry "BRA"]
[SourceTitle "playchess.com"]
[Source "ChessBase"]
[SourceQuality "1"]
[TimeControl "5400+30"]

1. d4 d5 2. Nf3 Nf6 3. Bg5 e6 4. e3 Nc6 5. Ne5 Bd7 6. Nd2 Be7 7. a3 a6 8. Be2 h6 9. Bh4 O-O 10. O-O Re8 11. Bd3 Kf8 12. f4 Qc8 13. Qf3 Kg8 14. h3 Nxe5 15. fxe5 Nh7 16. Qxf7+ Kh8 17. Qg6 1-0

[Event "VI Floripa Open 2020"]
[Site "Florianopolis"]
[Date "2020.01.20"]
[Round "1.160"]
[White "De Oliveira, Nicolas Fabiane"]
[Black "Borges, Luis Henrique Rosa"]
[Result "0-1"]
[WhiteElo "1113"]
[BlackElo "1603"]
[Annotator "NA"]
[PlyCount "92"]
[EventDate "2020.01.20"]
[EventType "swiss"]
[EventRounds "10"]
[EventCountry "BRA"]
[SourceTitle "playchess.com"]
[Source "ChessBase"]
[SourceQuality "1"]
[TimeControl "5400+30"]

1. d4 Nf6 2. c4 d5 3. cxd5 Qxd5 4. Nc3 Qa5 5. Bd2 Bd7 6. Nf3 e6 7. a3 Qf5 8. g3 Nc6 9. Bg2 Ne4 10. Nxe4 Qxe4 11. e3 Qd3 12. Bc3 Qxd1+ 13. Rxd1 O-O-O 14. O-O f6 15. d5 exd5 16. Rxd5 Be7 17. b4 Be6 18. Rxd8+ Rxd8 19. Nd4 Nxd4 20. Bxd4 b6 21. Rc1 Bd5 22. Bxd5 Rxd5 23. h4 Kd7 24. Kg2 a5 25. bxa5 Rxa5 26. Bb2 Bxa3 27. Bxa3 Rxa3 28. Rd1+ Ke7 29. Re1 Rc3 30. f4 b5 31. e4 b4 32. Kf2 c5 33. e5 f5 34. Ke2 c4 35. Kd2 Rxg3 36. Kc2 Rf3 37. Rd1 Rxf4 38. Rd6 Re4 39. Rc6 Rxe5 40. Rc7+ Kf6 41. Rxc4 Re4 42. Rxe4 fxe4 43. Kb3 e3 44. h5 e2 45. h6 e1=Q 46. hxg7 Kxg7 0-1

[Event "VI Floripa Open 2020"]
[Site "Florianopolis"]
[Date "2020.01.20"]
[Round "1.161"]
[White "Bidigaray, Marcio"]
[Black "Nunes, Nicole"]
[Result "1-0"]
[WhiteElo "1602"]
[BlackElo "1096"]
[Annotator "NA"]
[PlyCount "43"]
[EventDate "2020.01.20"]
[EventType "swiss"]
[EventRounds "10"]
[EventCountry "BRA"]
[SourceTitle "playchess.com"]
[Source "ChessBase"]
[SourceQuality "1"]
[TimeControl "5400+30"]

1. e4 c5 2. Nf3 g6 3. d4 cxd4 4. Qxd4 Nf6 5. e5 Nc6 6. Qa4 Nd5 7. Bc4 e6 8. Bxd5 exd5 9. Bg5 Qa5+ 10. Qxa5 Nxa5 11. Bf6 Rg8 12. a3 b6 13. Nc3 Ba6 14. Nxd5 Rc8 15. Nd4 d6 16. Ne3 dxe5 17. Bxe5 Nc4 18. Nxc4 Rxc4 19. c3 g5 20. O-O-O Rg6 21. Rhe1 Rc5 22. Bd6+ 1-0

[Event "VI Floripa Open 2020"]
[Site "Florianopolis"]
[Date "2020.01.20"]
[Round "1.162"]
[White "Ittner, Emily Caroline"]
[Black "Zampier, Alexandre"]
[Result "0-1"]
[WhiteElo "1087"]
[BlackElo "1597"]
[Annotator "NA"]
[PlyCount "92"]
[EventDate "2020.01.20"]
[EventType "swiss"]
[EventRounds "10"]
[EventCountry "BRA"]
[SourceTitle "playchess.com"]
[Source "ChessBase"]
[SourceQuality "1"]
[TimeControl "5400+30"]

1. c4 d5 2. cxd5 Qxd5 3. Nc3 Qa5 4. a3 c6 5. g3 Nf6 6. Bg2 Bg4 7. Nf3 e6 8. O-O Bd6 9. b4 Bxb4 10. Bb2 Be7 11. Re1 O-O 12. e4 Nbd7 13. Qc2 e5 14. Ra2 Rad8 15. a4 Rfe8 16. d4 Bxf3 17. Bxf3 exd4 18. Raa1 dxc3 19. Bxc3 Qc5 20. Qb2 Qb6 21. Qe2 Bd6 22. Rab1 Qc7 23. Qb2 Be5 24. Re2 Bxc3 25. Qxc3 Ne5 26. Bg2 Rd3 27. Qc1 Red8 28. Re1 h6 29. Rb4 R3d7 30. Qe3 Nd3 31. Rbb1 Nxe1 32. Qxe1 Qe5 33. Qe2 Rd2 34. Qe1 Qd4 35. Bf3 Qxa4 36. Kg2 Qa6 37. Qe3 Qd3 38. Qe1 b6 39. e5 Nd5 40. e6 fxe6 41. Qxe6+ Kh8 42. Be4 Qe2 43. Rf1 Ne3+ 44. Kh3 Qxf1+ 45. Kh4 Qxf2 46. Kh5 Qxh2+ 0-1

[Event "VI Floripa Open 2020"]
[Site "Florianopolis"]
[Date "2020.01.20"]
[Round "1.163"]
[White "Monteiro, Daniel Zotelli"]
[Black "Da Costa, Evelyn Maria Fuck"]
[Result "1-0"]
[WhiteElo "1590"]
[BlackElo "1011"]
[Annotator "NA"]
[PlyCount "75"]
[EventDate "2020.01.20"]
[EventType "swiss"]
[EventRounds "10"]
[EventCountry "BRA"]
[SourceTitle "playchess.com"]
[Source "ChessBase"]
[SourceQuality "1"]
[TimeControl "5400+30"]

1. e4 e5 2. Nf3 Nc6 3. Bc4 Nf6 4. Nc3 Bc5 5. d3 h6 6. h3 d6 7. Na4 Bb6 8. c3 Bd7 9. Nxb6 axb6 10. b4 O-O 11. Be3 Ra3 12. Qc2 Re8 13. O-O Be6 14. Bb3 Qa8 15. Qb2 d5 16. exd5 Nxd5 17. Bc1 Ra7 18. b5 Na5 19. Bc2 c6 20. c4 Nf4 21. Be3 Qd8 22. Nxe5 Ne2+ 23. Kh2 c5 24. Bd1 Nd4 25. Bxd4 cxd4 26. Nf3 Qd6+ 27. g3 Bf5 28. Qd2 Qd7 29. Ng1 Raa8 30. Bf3 Re6 31. g4 Bh7 32. Bd5 Rf6 33. f4 Qd6 34. Rf3 Nb3 35. axb3 Rxa1 36. Qb2 Qa3 37. Qxd4 Qxb3 38. Qxa1 1-0

[Event "VI Floripa Open 2020"]
[Site "Florianopolis"]
[Date "2020.01.20"]
[Round "1.164"]
[White "Da Silva, Kauan Salvagni Teles"]
[Black "Santana Magalhaes, Amanda Borges"]
[Result "0-1"]
[WhiteElo "1005"]
[BlackElo "1584"]
[Annotator "NA"]
[PlyCount "84"]
[EventDate "2020.01.20"]
[EventType "swiss"]
[EventRounds "10"]
[EventCountry "BRA"]
[SourceTitle "playchess.com"]
[Source "ChessBase"]
[SourceQuality "1"]
[TimeControl "5400+30"]

1. e4 c5 2. Nf3 d6 3. Bd3 g6 4. Nc3 Bg7 5. b3 Nf6 6. Bb2 e6 7. O-O O-O 8. Re1 Nc6 9. Ne2 e5 10. c4 Nh5 11. a3 Bg4 12. Ng3 Nf4 13. Be2 Nxe2+ 14. Qxe2 Nd4 15. Bxd4 exd4 16. d3 Re8 17. Qd1 a6 18. a4 b5 19. axb5 axb5 20. Qe2 bxc4 21. bxc4 Rxa1 22. Rxa1 Qb6 23. h3 Bd7 24. Re1 Bc6 25. Qd2 Ra8 26. Ng5 Bh6 27. Qf4 Rf8 28. Qf6 Ba4 29. h4 Bg7 30. Qf4 Bc2 31. Qd2 Qb3 32. Kh2 Bxd3 33. Rc1 Bxc4 34. Qc2 Qxc2 35. Rxc2 Be6 36. Nf3 Rc8 37. h5 d3 38. Rd2 c4 39. hxg6 hxg6 40. Nf1 c3 41. Rd1 c2 42. Rc1 Bb2 0-1

[Event "VI Floripa Open 2020"]
[Site "Florianopolis"]
[Date "2020.01.20"]
[Round "1.165"]
[White "Santos, Marcos Correia"]
[Black "Rodrigues Nogueira, Carlos Manuel"]
[Result "1/2-1/2"]
[WhiteElo "1582"]
[BlackElo "1971"]
[Annotator "NA"]
[PlyCount "76"]
[EventDate "2020.01.20"]
[EventType "swiss"]
[EventRounds "10"]
[EventCountry "BRA"]
[SourceTitle "playchess.com"]
[Source "ChessBase"]
[SourceQuality "1"]
[TimeControl "5400+30"]

1. e4 c6 2. d4 d5 3. exd5 cxd5 4. Bd3 Nc6 5. c3 Nf6 6. Bf4 Bg4 7. Qb3 Qd7 8. Nd2 e6 9. Ngf3 Bxf3 10. Nxf3 a6 11. Ne5 Nxe5 12. dxe5 Nh5 13. Be3 g6 14. O-O Ng7 15. Rad1 b5 16. Qc2 Be7 17. Qd2 O-O 18. Bh6 Rfc8 19. g4 b4 20. cxb4 Qa4 21. a3 a5 22. Ra1 axb4 23. axb4 Qxb4 24. Qxb4 Bxb4 25. Rxa8 Rxa8 26. Rc1 Ne8 27. Kg2 f6 28. Bf4 fxe5 29. Bxe5 Bd6 30. Bxd6 Nxd6 31. Rc6 Rd8 32. b4 Kf7 33. b5 Ke7 34. b6 Rb8 35. Ba6 Kd7 36. Rc7+ Kd8 37. Rc6 Kd7 38. Rc7+ Kd8 1/2-1/2

[Event "VI Floripa Open 2020"]
[Site "Florianopolis"]
[Date "2020.01.21"]
[Round "2.1"]
[White "Shirov, Alexei"]
[Black "De Oliveira, Gustavo Alfredo Bue"]
[Result "1-0"]
[WhiteElo "2677"]
[BlackElo "2176"]
[Annotator "TA"]
[PlyCount "63"]
[EventDate "2020.01.20"]
[EventType "swiss"]
[EventCountry "BRA"]
[SourceTitle "playchess.com"]
[Source "ChessBase"]
[SourceQuality "1"]

{[%evp 23,63,43,48,41,43,48,49,48,102,104,105,99,102,95,122,129,131,126,188,187,183,183,227,221,235,233,404,413,967,961,939,906,1143,1162,1142,1160,1050,1043,698,372,652,489]} 1. d4 Nf6 2. c4 e6 3. Nf3 Bb4+ 4. Nbd2 b6 5. a3 Bxd2+ 6. Qxd2 Bb7 7. b4 O-O 8. Bb2 d6 9. e3 Nbd7 10. Be2 Qe7 11. O-O Ne4 12. Qc2 f5 13. d5 {E14: Queen's Indian: Classical Variation (4 e3)} e5 (13... c5 14. dxc6 Bxc6 15. Nd4 Bb7 16. f3 Nef6 17. Rfd1 a6 18. a4 Rfc8 19. Qd2 Ne5 20. Rac1 Nf7 {1-0 (49) Ding,L (2777)-Liu,Y (2413) China 2016}) 14. Nd2 Nxd2 15. Qxd2 {White is slightly better.} f4 (15... Nf6 $14) 16. exf4 $16 Rxf4 17. g3 Rff8 18. Bg4 {[#]} Bc8 $146 ({Predecessor:} 18... Kh8 19. f4 c6 20. Rae1 cxd5 21. cxd5 {½-½ (33) Browne,W (2530)-Larsen,B (2520) Naestved 1985}) 19. Be6+ Kh8 20. f4 Nf6 (20... exf4 $16 21. gxf4 Nf6) 21. fxe5 $18 dxe5 {[#]} 22. Rf5 $1 (22. Bxe5 $6 Bxe6 23. dxe6 Qxe6 $16) 22... e4 23. Raf1 {aiming for Rxf6!} Bxe6 24. dxe6 {Threatens to win with Qg5.} Qxe6 $2 (24... a5 25. Qg5 (25. bxa5 bxa5 26. Qg5 Rab8 $18) 25... axb4) 25. Qg5 Rad8 {[#]} (25... e3 $142 26. Rxf6 Rxf6 27. Rxf6 Qd7) 26. Rxf6 $1 Rxf6 27. Rxf6 {White wants to mate with Rf8+!} ({Not} 27. Bxf6 gxf6 28. Qxf6+ Qxf6 $14) 27... Qe7 28. Rf8+ Qxf8 {[#]} 29. Bxg7+ $1 {[%mdl 576] Deflection} Qxg7 30. Qxd8+ Qg8 31. Qxg8+ Kxg8 32. Kf2 {Accuracy: White = 100%, Black = 29%.} 1-0

[Event "VI Floripa Open 2020"]
[Site "Florianopolis"]
[Date "2020.01.21"]
[Round "2.2"]
[White "Sztokbant, Bernardo Vainzoff"]
[Black "Delgado Ramirez, Neuris"]
[Result "0-1"]
[WhiteElo "2175"]
[BlackElo "2636"]
[Annotator "TA"]
[PlyCount "78"]
[EventDate "2020.01.20"]
[EventType "swiss"]
[EventCountry "BRA"]
[SourceTitle "playchess.com"]
[Source "ChessBase"]
[SourceQuality "1"]

{[%evp 21,78,0,21,2,21,0,0,0,-20,-32,0,0,-6,-57,-72,-81,-68,-63,-43,-39,-56,-229,-226,-224,-240,-222,-229,-207,-158,-223,-222,-412,-426,-424,-418,-422,-424,-672,-625,-643,-627,-1162,-1063,-1939,-1732,-1537,-931,-1207,-1151,-1408,-961,-29991,-29992,-29992,-29991,-29991,-29992,-29992,-29993]} 1. d4 Nf6 2. Nf3 g6 3. g3 Bg7 4. Bg2 O-O 5. O-O d6 6. c4 Nbd7 7. Nc3 e5 8. e4 exd4 9. Nxd4 Re8 10. Re1 Nc5 11. b3 a5 12. Rb1 {E68: King's Indian: Fianchetto: 6...Nbd7 7 0-0 e5 8 e4} c6 (12... Bd7 13. h3 Qc8 14. Kh2 Re5 15. g4 Re8 16. Bf4 h5 17. g5 Nh7 18. Nd5 Ne6 19. Nxe6 fxe6 {½-½ (19) Simacek,P (2500)-Gazik,V (2497) Vienna 2018}) 13. Bg5 h6 14. Bc1 $146 {The position is equal.} ({Predecessor:} 14. Bf4 Ng4 15. h3 Ne5 16. Bxe5 dxe5 17. Nf3 Qc7 {0-1 (50) Benito Alba,E-Planas,J Palma de Mallorca 1992}) 14... Ng4 15. f3 Ne5 {Black wants to play ...Ned3.} (15... Qb6 $5 {[%cal Rc5e6]} 16. fxg4 Bxg4 17. Qxg4 Bxd4+ 18. Be3 Bxc3 $15) 16. Be3 f5 17. Rf1 (17. Qd2 $11) 17... fxe4 $15 18. fxe4 Ng4 $36 {[%mdl 2048] Black is more active.} 19. Bf4 $1 Ne6 20. Nxe6 $1 Bxe6 21. Qc2 $2 ({Better is} 21. Qd2 $15) 21... g5 $19 22. Bc1 Qb6+ 23. Kh1 Rf8 {...Rxf1+ is the strong threat.} 24. Nd1 Rxf1+ 25. Bxf1 Rf8 26. Bg2 $2 {[#]} (26. Qe2) 26... Rf2 $1 {[%mdl 512]} 27. Be3 (27. Nxf2 Nxf2+) 27... Rxg2 (27... Rxc2 $2 28. Bxb6 Rxa2 29. Ne3 $19) ({And not} 27... Nxe3 28. Qxf2 Nxc4 29. Qxb6 $14) 28. Qxg2 Nxe3 29. Qd2 {[#]} (29. Nxe3 $142 Qxe3 30. Rf1) 29... Nxc4 $1 {[%mdl 64] Pin} 30. Qd3 (30. bxc4 Qxb1) 30... Ne5 31. Qxd6 Bg4 {[%cal Rg4f3]} 32. Kg2 Bf3+ 33. Kf1 Bxe4 34. Rc1 Qb5+ 35. Kf2 Qd3 36. Qe6+ Kh7 {Black mates.} 37. Nc3 Qd2+ 38. Ne2 Nd3+ {[%mdl 64] Double Attack} 39. Kf1 Qe3 {Accuracy: White = 31%, Black = 79%.} 0-1

[Event "VI Floripa Open 2020"]
[Site "Florianopolis"]
[Date "2020.01.21"]
[Round "2.3"]
[White "Bachmann, Axel"]
[Black "Starke, Bruno Orlando"]
[Result "1-0"]
[WhiteElo "2611"]
[BlackElo "2174"]
[Annotator "TA"]
[PlyCount "95"]
[EventDate "2020.01.20"]
[EventType "swiss"]
[EventCountry "BRA"]
[SourceTitle "playchess.com"]
[Source "ChessBase"]
[SourceQuality "1"]

{[%evp 11,95,13,17,17,23,0,0,0,6,0,0,-12,20,20,23,18,8,6,25,25,21,21,20,14,32,30,34,0,0,0,0,4,4,2,1,0,0,0,66,0,0,0,0,-155,0,0,0,0,304,309,289,312,304,262,304,322,439,364,430,452,674,655,658,637,581,799,737,715,683,650,586,537,1058,1037,29980,29981,29981,29974,29974,29975,29989,29984,29994,29995,29995,29996]} 1. c4 e6 2. Nf3 d5 3. e3 Nf6 4. b3 Be7 5. Bb2 O-O 6. Nc3 b6 7. cxd5 {A13: English Opening: 1...e6} exd5 8. Rc1 Bb7 9. d4 {The position is equal.} Nbd7 10. g3 Re8 11. Bg2 a6 12. O-O Bd6 13. Re1 $146 ({Predecessor:} 13. Qc2 Qe7 14. Ne2 c6 {½-½ (67) Lenderman,A (2600)-Yilmaz,M (2619) Reykjavik 2018}) 13... Ne4 14. Re2 f5 15. Rec2 c6 16. Ne2 Qe7 17. Nf4 Rad8 18. Bf1 Bb8 19. Rxc6 (19. Nd3 {feels hotter.} Bd6 20. h4 a5 21. Nde5 Bxe5 22. Nxe5 Nxe5 23. dxe5 Qe6 24. Kh2) 19... Bxc6 20. Rxc6 Bxf4 21. exf4 Rc8 22. Rxc8 Rxc8 23. Bxa6 Rc7 24. Bd3 g6 (24... Ndf6 $1 $11) 25. Ne5 (25. Qe1 $14) 25... Qb4 $11 26. Bxe4 fxe4 27. f5 $2 {[#]} (27. Qe2 $11) 27... gxf5 $2 (27... e3 $1 $17 {Threatens to win with ...Qd2!} 28. Nf3 (28. fxe3 Nxe5 29. e4 Qd2 $19) 28... exf2+ 29. Kxf2 Qf8) 28. Qh5 $36 {[%mdl 2048] Hoping for Qg5+. White has some pressure.} Nxe5 29. dxe5 {[%mdl 4096] Endgame aiming for e6. KQR-KQB} d4 $2 {[%mdl 8192]} (29... Qd2 $11 {and Black is okay.}) 30. Qg5+ $18 ({Worse is} 30. Qxf5 e3 $11) 30... Kf7 31. Qxf5+ {[%mdl 64] Double Attack} Ke8 32. Qxe4 Qd2 33. Bxd4 Qd1+ 34. Kg2 Rc1 {And now ...Qh1+ would win.} 35. Qa8+ Kd7 (35... Ke7 $142 36. Qa7+ Ke8 37. Qb8+ (37. Qxh7 Qxd4 38. Qh8+ Ke7 $11) 37... Kf7) 36. Qd5+ Ke8 37. Qe6+ Kf8 38. Qf6+ Ke8 39. e6 Qf1+ 40. Kf3 Qd3+ 41. Kf4 {White wants to mate with Qf7+.} Qd2+ 42. Kg4 {White threatens Qf7+ and mate.} Qe2+ 43. f3 {White mates.} Rc7 44. Bxb6 h5+ 45. Kh3 Qf1+ {[#]} 46. Kh4 $1 Rc4+ 47. bxc4 Qxc4+ 48. g4 {Accuracy: White = 68%, Black = 59%.} 1-0